000 01391 a2200205 4500
001 54289
005 20260407155814.0
008 260407a1991 arg spa d
003 AR-UNSa-BCEJYS
040 _aAR-UNSa-BCEJYS
_bspa
_cAR-UNSa-BCEJYS
080 _a339.744
_xConvertibilidad
245 1 0 _aConvertibilidad del austral
_pestudios jurídicos
020 _a950-572-219-2
264 1 _aBuenos Aires :
_bVíctor P. de Zavalía
_c1991
300 _a244 p.
_c23 cm.
505 _a1. La ley de convertibilidad: su incidencia en la registración inmobiliaria – 2. Repercusión de la ley 23.928 (convertibilidad del austral) en el derecho de familia y en el derecho sucesorio – 3. La ley 23.928 y los honorarios profesionales – 4. La ley de convertibilidad y contratación de locaciones en moneda extranjera – 5. Aproximación a algunos aspectos del régimen de la ley 23.928 (la llamada ley de convertibilidad) – 6. Ley de convertibilidad. Algunas consideraciones de naturaleza jurídica en el campo de los contratos administrativos – 7. Los alquileres pactados en moneda extranjera. Distinción con el dólar – 8. Incidencias de la ley de convertibilidad en la actividad notarial – 9. La ley de convertibilidad: determinación del precio y cláusulas de estabilización
942 _cBK
590 _aniveau_biblio:m niveau_hierar:0
100 1 _aMoisset de Espanés, Luis
999 _c5458
_d5458